Leadership to use statistical tests in psychology / Judith Greene and Manuela D' Oliveira. (Record no. 22230)

000 -LEADER
fixed length control field 00571nam a22001697a 4500
020 ## - INTERNATIONAL STANDARD BOOK NUMBER
ISBN 9780335216803
082 ## - DEWEY DECIMAL CLASSIFICATION NUMBER
Classification number 150.72
Item number G811 2005
100 ## - MAIN ENTRY--AUTHOR NAME
Personal name Greene, Judith, author.
245 ## - TITLE STATEMENT
Title Leadership to use statistical tests in psychology / Judith Greene and Manuela D' Oliveira.
250 ## - EDITION STATEMENT
Edition statement 3rd edition.
260 ## - PUBLICATION, DISTRIBUTION, ETC. (IMPRINT)
Place of publication Maidenhead :
Name of publisher Open University Press,
Year of publication 2005.
300 ## - PHYSICAL DESCRIPTION
Number of Pages 1 online resource, xvi, 210 pages :
Other physical details illustrations
500 ## - GENERAL NOTE
General note Includes bibliographical references
650 ## - SUBJECT ADDED ENTRY--TOPICAL TERM
Topical Term Psychology.
700 ## - ADDED ENTRY--PERSONAL NAME
Personal name D'Oliveira, Manuela, author.
942 ## - ADDED ENTRY ELEMENTS (KOHA)
Koha item type Electronic Books
Holdings
Source of acquisition Permanent Location Date acquired Collection code Koha item type Lost status Shelving location Withdrawn status Current Location Full call number
DonationCagayan State University - Carig Library2026-04-13E-BooksElectronic Books E-Resource Section Cagayan State University - Carig Library150.72 G811 2005

Cagayan State University University Library, Carig Campus
Tuguegarao City, Cagayan 3500 | www.csucarig.edu.ph

Powered by Koha